Nostradamus : countdown to apocalypse and into the twenty-first century
| Main Author: | |
|---|---|
| Format: | Book |
| Published: |
S.l :
Cresset Books ,
1993
|
| Subjects: |
MARC
| LEADER | 00000cam a2200000 7i4500 | ||
|---|---|---|---|
| 001 | 0000006465 | ||
| 002 | 000006977 | ||
| 005 | 20000330.0 | ||
| 020 | |a 0091771110 | ||
| 090 | 0 | 0 | |a 133.3 |b DEF |
| 100 | 0 | |a De Fontbrune, Jean-Charles | |
| 245 | 1 | 0 | |a Nostradamus : |b countdown to apocalypse and into the twenty-first century |c Jean-Charles de Fontbrune ; translated by Alexis Lykiard |
| 260 | |a S.l : |b Cresset Books , |c 1993 | ||
| 300 | |a 621p. ; |c 24cm. | ||
| 650 | 0 | 0 | |a Forecasting |
| 999 | |a 038035 |b BUKU |c PINJAMAN |e PERPUSTAKAAN KOMUNITI PETALING JAYA | ||